000 00303nam a22001337a 4500
008 181022b xxu||||| |||| 00| 0 eng d
020 _a027778006959
041 _aeng
080 _a371
100 _a46
101 _aEDU
245 _aThirty Days to More Powerful Writing
_cPrice, J
942 _2udc
_cBK
999 _c50553
_d50553